| 000 | 00524nam a2200181Ia 4500 | ||
|---|---|---|---|
| 005 | 20250508152021.0 | ||
| 008 | 008 250505s9999 xx 000 0 eng d | ||
| 037 | _aTextual | ||
| 040 |
_aFEDL _beng _cFEDL |
||
| 041 |
_aeng _2eng |
||
| 084 |
_a371.425, BRO _qFEDL |
||
| 100 |
_aBrooke Esther Eberstadt _9760583 |
||
| 245 | 0 | _aGuide to career success | |
| 260 |
_aNew York, USA _bHarper and Brothers Publishers _c1947 |
||
| 300 | _axvii,228p | ||
| 942 |
_cTEXL _h371.425, BRO |
||
| 999 |
_c1333640 _d1333640 |
||